Romans: (Record no. 4555)

MARC details
000 -LEADER
fixed length control field 00503nam a22001817a 4500
003 - CONTROL NUMBER IDENTIFIER
control field GBCCL
005 - DATE AND TIME OF LATEST TRANSACTION
control field 20241126110521.0
008 - FIXED-LENGTH DATA ELEMENTS--GENERAL INFORMATION
fixed length control field 180124b xxu||||| |||| 00| 0 eng d
020 ## - INTERNATIONAL STANDARD BOOK NUMBER
International Standard Book Number 8995838140
040 ## - CATALOGING SOURCE
Transcribing agency gbc
082 ## - DEWEY DECIMAL CLASSIFICATION NUMBER
Classification number 227.1007
Item number RAN
100 ## - MAIN ENTRY--PERSONAL NAME
Personal name Rang, Han Tae
9 (RLIN) 6856
245 ## - TITLE STATEMENT
Title Romans:
Remainder of title A Compilation of Study Bibles /
Statement of responsibility, etc. Han Tae Rang
260 ## - PUBLICATION, DISTRIBUTION, ETC.
Place of publication, distribution, etc. Seoul:
Name of publisher, distributor, etc. Yuk-il Publishing Company,
Date of publication, distribution, etc. 2006
300 ## - PHYSICAL DESCRIPTION
Extent 318 p.;
Dimensions 23 cm.
650 ## - SUBJECT ADDED ENTRY--TOPICAL TERM
Topical term or geographic name entry element Bible
Form subdivision N.T.
-- Romans
General subdivision Study
9 (RLIN) 8432
942 ## - ADDED ENTRY ELEMENTS (KOHA)
Source of classification or shelving scheme Dewey Decimal Classification
Koha item type Books
Koha issues (borrowed), all copies 6
Holdings
Withdrawn status Lost status Source of classification or shelving scheme Damaged status Not for loan Home library Current Library Shelving location Date acquired Total checkouts Full call number Barcode Date last seen Date last checked out Copy number Price effective from Koha item type
    Dewey Decimal Classification     GRACE BIBLE COLLEGE GRACE BIBLE COLLEGE Biblical Studies 2018-01-24 2 227.1007 RAN 007811 2025-05-01 2025-02-28 c.1 2018-01-24 Books
    Dewey Decimal Classification     GRACE BIBLE COLLEGE GRACE BIBLE COLLEGE Biblical Studies 2018-05-21   227.1007 RAN 007894 2025-05-01   c.2 2018-05-21 Books
    Dewey Decimal Classification     GRACE BIBLE COLLEGE GRACE BIBLE COLLEGE Biblical Studies 2018-07-30 1 227.1007 RAN 013549 2025-05-01 2025-02-21 c.3 2018-07-30 Books
    Dewey Decimal Classification     GRACE BIBLE COLLEGE GRACE BIBLE COLLEGE Biblical Studies 2018-08-01 1 227.1007 RAN 013570 2025-05-01 2025-02-24 c.4 2018-08-01 Books
    Dewey Decimal Classification     GRACE BIBLE COLLEGE GRACE BIBLE COLLEGE Biblical Studies 2018-08-01 1 227.1007 RAN 013571 2025-05-01 2025-02-24 c.5 2018-08-01 Books
    Dewey Decimal Classification     GRACE BIBLE COLLEGE GRACE BIBLE COLLEGE Biblical Studies 2018-08-01   227.1007 RAN 013572 2025-05-01   c.6 2018-08-01 Books
    Dewey Decimal Classification     GRACE BIBLE COLLEGE GRACE BIBLE COLLEGE Biblical Studies 2018-08-01   227.1007 RAN 013573 2025-05-01   c.7 2018-08-01 Books
    Dewey Decimal Classification     GRACE BIBLE COLLEGE GRACE BIBLE COLLEGE Biblical Studies 2018-08-01 1 227.1007 RAN 013574 2025-05-01 2022-04-01 c.8 2018-08-01 Books
    Dewey Decimal Classification     GRACE BIBLE COLLEGE GRACE BIBLE COLLEGE Biblical Studies 2018-08-01 2 227.1007 RAN 013575 2025-05-01 2022-11-15 c.9 2018-08-01 Books
    Dewey Decimal Classification     GRACE BIBLE COLLEGE GRACE BIBLE COLLEGE Biblical Studies 2018-08-16 1 227.1007 RAN 013590 2025-05-01 2022-08-26 c.10 2018-08-16 Books
    Dewey Decimal Classification     GRACE BIBLE COLLEGE GRACE BIBLE COLLEGE Biblical Studies 2022-02-23 2 227.1007 RAN 005503 2025-05-01 2025-02-25 c.11 2022-02-23 Books
© Grace Bible College Library 2025